000 00564nam a2200181Ia 4500
003 GCL
008 140319s9999 xx 000 0 ara d
040 _aGCL /
_cGCL
082 0 4 _a954.9304
_bم هـ
100 1 _aمكتب استعمالات الهند
245 1 0 _aالهند 1966 /
_cمكتب استعمالات الهند
300 _a154 ص
490 _aالهيئة العامة للاستعلامات
_v0
650 0 4 _aالهند
650 0 4 _aالهند - الاحوال الاقتصادية
650 0 4 _aالهند, الاسرة
942 _2ddc
_cBK
999 _c46878
_d46878